00988nam a2200325 450000100040000000500170000400700040002100800040002501000170002901500190004601600180006502000250008302000220010802000250013002000220015503500240017704000730020104200140027405000240028808200160031210000200032824500560034824600400040426000270044430000290047150400660050065000330056665000370059965000260063600020140821115736.0000000 a 2011939236 aGBB1D76622bnb7 a0159794732Uk a9781849208123 (hbk.) a1849208123 (hbk.) a9781849208130 (pbk.) a1849208131 (pbk.) a(OCoLC)ocn766339794 aUKMGBcUKMGBdBTCTAdYDXCPdBWKdYNKdBWXdSINIEdCGUdOIPdCDXdDLC alccopycat00aHA31.2b.A5195 201204a001.4332231 aAndres, Lesley.10aDesigning & doing survey research /cLesley Andres.3 aDesigning and doing survey research aLondon :bSAGE,c2012. a197 p. :bill. ;c25 cm. aIncludes bibliographical references (p. [187]-191) and index. 0aSocial surveysxMethodology. 0aScientific surveysxMethodology. 0aSampling (Statistics)